Statistiques concernant Culture Générale - Série 2160

Cliquez ici pour prendre le quiz!

Statistiques générales

  • Ce quiz a été pris 99 fois
  • Le résultat moyen est 5 sur 10

Statistiques - réponses

QuestionRéponse% Correct
Comment appelle-t-on les soldats de l’ONU ?casques bleus
86%
Dans quel pays se trouve l'état de Chiapas ?Mexique
82%
De quel fleuve français l'Epte est-elle un affluent ?Seine
81%
Dans quel pays se trouve la province de la Colombie - Britannique ?Canada
77%
Quelle ancienne miss France a interprété "Léa Parker" dans la série policière télévisée du même nom entre 2004 et 2006 ? voir photoSonia Rolland
53%
Dans quel pays rencontre-t-on les Tigres tamouls ?Sri Lanka
43%
Par quel acronyme désigne-t-on couramment l'armée de défense d'Israël ?Tsahal
38%
Dans la mythologie égyptienne, quel nom portait le dieu à tête de taureau ?Apis
30%
Dans quelle ville ont été signés "Les accords d'Oslo" entre Israël et l'OLP le 13 septembre 1993 ?Washington
30%
Quel nom porte la région du Sahara située à cheval sur l'Algérie et le Mali ?Tanezrouft
3%

Distribution des résultats

Percentile par nombre de réponses

% des personnes avec chaque résultat

Votre développement - résultats

Vous n’avez pas pris ce quiz